Statistics for Countries Closest to an Unknown Country by Picture #2

Click here to take the quiz!

General Stats

  • This quiz has been taken 68 times
  • The average score is 12 of 21

Answer Stats

Answer% Correct
Egypt
96%
Jordan
95%
Israel
91%
Turkey
91%
Saudi Arabia
89%
Syria
79%
Russia
71%
Cyprus
63%
Greece
63%
Lebanon
59%
Iran
55%
Sudan
41%
Georgia
39%
Iraq
39%
Libya
39%
Armenia
38%
Azerbaijan
36%
Kuwait
30%
Bulgaria
25%
Macedonia
21%
Serbia
13%

Score Distribution

Percentile by Number Answered

Percent of People with Each Score

Your Score History

You have not taken this quiz